=LDR 00000nam 2200000 4500 =001 INLIS000000000034204 =005 20200226040054 =035 ##$$a 0010-061300000034204 =008 200226################g##########0#ind## =041 ##$$a ind =082 ##$$a 927 =090 ##$$a 927, Sya s =100 ##$$a Syaelendra =245 1#$$a Seri tokoh pemusik paling berpengaruh di Dunia /$c Syaelendra =260 ##$$a Jakarta :$b Ciptamedia Binanusa =300 ##$$a vii,118 hlm. : $b ilus. ; $c 15 x 23 cm =650 #4$$a Biografi Ahli Seni =850 ##$$a NBPNMAT =020 ##$$a 979-3432-56-x =084 ##$$a 927 SYA s =990 ##$$a 21008479 =990 ##$$a 21008480 =990 ##$$a 21008481 =990 ##$$a 00780078 =990 ##$$a 21008482 =990 ##$$a 21008479 =990 ##$$a 21008480 =990 ##$$a 21008481